Normal view
MARC view
- Smyth, Henry De Wolf
Entry Personal Name
001 - CONTROL NUMBER
- control field: 103989
003 - CONTROL NUMBER IDENTIFIER
- control field: NUST
005 - DATE AND TIME OF LATEST TRANSACTION
- control field: 20221202110602.0
008 - FIXED-LENGTH DATA ELEMENTS
- fixed length control field: 221202|| aca||aabn | a|a d
040 ## - CATALOGING SOURCE
- Original cataloging agency: NUST
- Transcribing agency: NUST
100 ## - HEADING--PERSONAL NAME
- Personal name: Smyth, Henry De Wolf
670 ## - SOURCE DATA FOUND
- Source citation: Work cat.: (NUST)184498: Smyth, Henry De Wolf,, Atomic energy for military purposes / , 1948 [c1945]
